| 000 | 00483nmm a2200169Ia 4500 | ||
|---|---|---|---|
| 008 | 251105s9999||||xx |||||||||||||||||und|| | ||
| 020 | _a9562822427 | ||
| 041 | _aspa | ||
| 100 | _aDíaz Eterovic, Ramón | ||
| 245 | 0 | _aLos siete hijos de Simenon | |
| 264 |
_a[Santiago de Chile, Chile] : _bLOM Ediciones, _c2000 |
||
| 300 | _a294 páginas | ||
| 490 | _aNarrativa | ||
| 650 | _aLatin American narrative | ||
| 856 | _uhttps://public.digitaliapublishing.com/a/18222 | ||
| 942 | _cCF | ||
| 999 |
_c74303 _d74303 |
||